Statistics for London Quiz

Click here to take the quiz!

General Stats

  • This quiz has been taken 109 times
  • The average score is 11 of 13

Answer Stats

HintAnswer% Correct
Buckingham ______Buckingham Palace
100%
Big ___Big Ben
100%
Heathrow _______Heathrow Airport
99%
Tower __ ______Tower of London
99%
St Pauls _________St Pauls Cathedral
97%
Tower ______Tower Bridge
97%
Westminster _____Westminster Abbey
95%
Theresa ___Theresa May
87%
10 _______ ______10 Downing Street
87%
Houses of __________Houses of Parliament
80%
London ___London Eye
79%
Cutty ____Cutty Sark
72%
Red _____Red Buses
18%

Score Distribution

Percentile by Number Answered

Percent of People with Each Score

Your Score History

You have not taken this quiz